| 000 | 01094cam a2200397 4500 | ||
|---|---|---|---|
| 001 | ABS61512 | ||
| 008 | 000000n1999 000 0 eng u | ||
| 035 | _a(Sirsi) u102950 | ||
| 245 | _aFocus '99: Offices and business parks | ||
| 260 | _c1999 | ||
| 490 |
_aEstates Gazette _v(9947) 27 November 1999, 73-119(21) |
||
| 590 | _aABS | ||
| 650 | _aBUSINESS PARKS | ||
| 650 | _aELECTRONIC COMMERCE | ||
| 650 | _aCALL CENTRES | ||
| 650 | _aFLEXIBLE WORKING | ||
| 650 | _aPROPERTY-COMMERCIAL PROPERTY-OFFICE PROPERTY-OFFICE PROPERTY MARKET | ||
| 650 | _aPARK ROYAL | ||
| 650 | _aRELOCATION | ||
| 650 | _aSCHIPHOL AIRPORT | ||
| 650 | _aTRANSPORT POLICY | ||
| 650 | _aCAR PARKING | ||
| 650 | _aLOCATION FACTORS | ||
| 650 | _aMANCHESTER | ||
| 650 | _aLEEDS | ||
| 650 | _aBIRMINGHAM | ||
| 650 | _aDESIGN | ||
| 650 | _aOCCUPIERS DEMANDS | ||
| 650 | _aCORE SKILLS | ||
| 650 | _aSHORT LEASES | ||
| 650 | _aCOMMERCIAL LEASES | ||
| 650 | _aINTERNET | ||
| 650 | _aWORKING ENVIRONMENT | ||
| 690 | _aPROPERTY-COMMERCIAL PROPERTY-COMMERCIAL PROPERTY MARKET | ||
| 942 | _n0 | ||
| 999 |
_c61854 _d61854 |
||